000 00822nam a2200229 a 4500
001 000041831
005 20201002035800.0
008 131018s2013 dr ac 001 0 spa d
040 _aDO-SdBNP
_bspa
_cBNPHU
082 _a417.22
_bR457c
100 1 _aReyes, Juan
_968709
245 1 0 _aCreol fácil :
_bmétodo express hable en 3 meses /
_cJuan Reyes.
260 _aSanto Domingo :
_b[s.n.],
_c2013.
300 _a[2 v.] :
_bil., retrs. ;
_c22 cm.
500 _aEl v.2 incluye diccionario con más de 12,500 palabras.
590 _aLa biblioteca posee tres ejemplares autografiados por el autor.
590 _aInventariado, 2018/VM
650 4 _aLenguas criollas
_xEnseñanza
_zHaití
_968710
650 4 _aFrancés
_xDialectos
_968711
650 4 _aLenguaje y lenguas
_9407
910 _aValidado. Control de la calidad EMS
999 _c41320
_d41320